All KAROL G Songs (November 2025) - Statistics

General Stats
  • This quiz has been taken 50 times
    31 since last reset
  • The average score is 41 of 155
Answer Stats
Date Song % Correct
2019 Ocean
88%
2020 BICHOTA
76%
MAÑANA SERÁ BONITO (feat. Carla Morrison)
76%
Mañana (with Andy Rivera)
76%
X (with Jonas Brothers)
76%
TQG (feat. Shakira)
71%
Tropicoqueta
65%
AMARGURA
59%
Mi Cama
59%
Mi Cama - Remix (feat. J Balvin & Nicky Jam)
59%
Papasito
59%
PROVENZA
59%
PROVENZA - REMIX (feat. Tiësto)
59%
Si Antes Te Hubiera Conocido
59%
Tusa (feat. Nicki Minaj)
59%
Verano Rosa (feat. Feid)
59%
BESTIES
53%
LATINA FOREVA
53%
Pineapple
53%
TUS GAFITAS
53%
UNA NOCHE EN MEDELLÍN - REMIX (feat. Cris Mj & Ryan Castro)
53%
+57 (feat. Feid, DFZM, Ovy On The Drums, J Balvin, Maluma, Ryan Castro & Blessd)
47%
A Ella
47%
CONTIGO (feat. Tiësto)
47%
EL BARCO
47%
EL MAKINON (feat. Mariah Angeliq)
47%
2022 GATÚBELA (feat. Maldy)
47%
2024 Ivonny Bonita
47%
2023 MIENTRAS ME CURO DEL CORA
47%
MI EX TENÍA RAZÓN
47%
200 COPAS
41%
Ahora Me Llama (feat. Bad Bunny)
41%
Ahora Me Llama - Remix (feat. Bad Bunny & Quavo)
41%
Bandida Entrenada
41%
CAIRO (feat. Ovy On The Drums)
41%
CAROLINA
41%
2018 Creéme (feat. Maluma)
41%
GUCCI LOS PAÑOS
41%
KÁRMIKA (feat. Bad Gyal & Sean Paul)
41%
LOCATION (feat. J Balvin & Anuel AA)
41%
MERCURIO
41%
OJOS FERRARI (feat. Justin Quiles & Angel Dior)
41%
S91
41%
Secreto (with Anuel AA)
41%
X SI VOLVEMOS (feat. Romeo Santos)
41%
BICHOTAG
35%
Coleccionando Heridas (feat. Marco Antonio Solís)
35%
Culpables (feat. Anuel AA)
35%
DAÑAMOS LA AMISTAD (feat. Sech)
35%
Dile Luna (feat. Eddy Lover)
35%
FRIKI (with Feid)
35%
MAMIII (with Becky G)
35%
Tu Perfume
35%
Un Gatito Me Llamó
35%
Viajando Por El Mundo (feat. Manu Chao)
35%
Ay, DiOs Mío!
29%
Baby
29%
BEAUTIFUL BOY (feat. Ludacris & Emilee)
29%
CONTIGO VOY A MUERTE (feat. Camilo)
29%
Cuando Me Muera Te Olvido
29%
2021 DÉJALOS QUE MIREN
29%
Don't Be Shy (feat. Tiësto)
29%
Ese Hombre Es Malo
29%
FKN Movie (feat. Mariah Angeliq)
29%
2014 La Dama (feat. Cosculluela)
29%
Lo Sabe Dios
29%
Love With A Quality (feat. Damian Marley)
29%
Muñeco De Lego
29%
OKI DOKI
29%
Punto G
29%
QLONA (feat. Peso Pluma)
29%
Tá OK - Remix (with DENNIS, MC Kevin o Chris & Maluma)
29%
Amiga Mía (feat. Greeicy)
24%
Amor No Hay
24%
ARRANCA PAL CARAJO (feat. Juanka & Brray)
24%
2012 A Solas
24%
A Su Boca La Amo (Interlude)
24%
Bebesita
24%
2016 Casi Nada
24%
China (with Anuel AA, Daddy Yankee, J Balvin & Ozuna)
24%
Dices Que Te Vas (feat. Anuel AA)
24%
DISPO (feat. Young Miko)
24%
DVD
24%
2013 El Pecado
24%
2017 Ganas De Ti
24%
GATITA GANGSTER (feat. Dei V)
24%
GATO MALO (feat. NATHY PELUSO)
24%
2015 Hello (feat. Ozuna)
24%
La Ocasión Perfecta (feat. Yandel)
24%
2025 La Reina Presenta
24%
LEYENDAS (feat. Wisin & Yandel, Nicky Jam, Ivy Queen, Zion & Alberto Stylee)
24%
Milagros
24%
No Puedo Vivir Sin Él
24%
ODISEA (feat. Ozuna)
24%
PERO TÚ (feat. Quevedo)
24%
Se Puso Linda
24%
Sin Corazón
24%
WATATI (feat. Aldo Ranks)
24%
Caramelo - Remix (with Ozuna & Myke Towers)
18%
Labios Mordidos (with Kali Uchis)
18%
La Vida Continuó (feat Simone & Simaria)
18%
ME TENGO QUE IR (feat. Kali Uchis)
18%
SEJODIOTO
18%
SOLA ES MEJOR (feat. Yandar & Yostin)
18%
Yo Aprendí (feat. Daniel Suárez)
18%
Dame Tu Cosita (with El Chombo, Dancing Green Alien, Pitbull & Cutty Ranks)
12%
Eres Mi Todo (feat. KEVIN ROLDAN)
12%
Go Karo
12%
Miedito o Qué? (with Ovy On The Drums & Danny Ocean)
12%
No Me Cansare (with Sevdaliza)
12%
Princesa (with TINI)
12%
Única (with Tainy)
12%
Vivo Por Ella (with Andrea Bocelli)
12%
Calypso - Remix (with Luis Fonsi, Andrés Torres & Mauricio Rengifo)
6%
Follow (feat. Anuel AA)
6%
Hijoepu*# (with Gloria Trevi)
6%
La Vida Es Una
6%
Lo Que Siento por Ti (with Sebastian Yatra)
6%
Mi Mala - Remix (with Mau y Ricky, Becky G, Leslie Grace & Lali)
6%
Mi Mala (with Mau y Ricky)
6%
My Family (feat. Migos, Snoop Dogg & Rock Mafia)
6%
No Te Deseo el Mal (with Eladio Carrion)
6%
Poblado - Remix (with J Balvin, Nicky Jam, Crissin, Totoy El Frio & Natan & Shander)
6%
QUE CHIMBA DE VIDA
6%
Ricos Besos
6%
Tu Pum Pum (feat. Shaggy, El Capitaan & Sekuence)
6%
Un Viaje (with Jotaerre, Alejo & Moffa)
6%
301 (with Reykon)
0%
Asi Es el Amor
0%
Bajo Control
0%
Caballero (with Moderatto)
0%
Como Tú Ninguna (with Lafame)
0%
De Que Vale
0%
Deséame Suerte (with JHAYCO & Haze)
0%
Dicen (with Antonio Orozco)
0%
Dime (feat. Andy Rivera)
0%
Dime Que Si
0%
Enjoy Yourself (with Pop Smoke)
0%
En La Cara - Sua Cara Remix (with Major Lazer)
0%
En la Playa
0%
Find You - Remix (with Nick Jonas)
0%
Gracias a Ti
0%
Lloro Por Ti - Bonus Track
0%
Me Ilusioné
0%
Mil Maneras (feat. Alexander DJ)
0%
No Fue Suficiente - En Directo (with Paty Cantú)
0%
No Pares
0%
No Puedo Seguir
0%
Peligrosa (with Lartiste)
0%
Por Ti
0%
Si Te Confieso
0%
Te Lo Quiero Hacer (feat. De La Ghetto)
0%
Te Sigo Esperando (with Tinto)
0%
Vibra Continente (with Léo Santana)
0%
Ya No Te Creo
0%
No matching quizzes found
Score Distribution
Percent of People with Each Score
Percentile by Number Answered
Your Score History
You have not taken this quiz since the last reset